| 000 | 00591 a2200133 4500 | ||
|---|---|---|---|
| 082 | _aMSIT-8 | ||
| 100 |
_aMuhammad Ejaz Ahmed _999021 |
||
| 245 |
_aChannel assignment in multi-interface multi-channel wireless networks [Project MSIT-8] _cMuhammad Ejaz Ahmed |
||
| 260 |
_aIslamabad _bNUST-School of Electrical Engineering and Computer Science _c2011. |
||
| 300 |
_avii, 62p. _b:ill. _c;27cm.+ _eCD-ROM |
||
| 500 | _aSupervisors: Dr. Adeel Baig, Dr. Junaid Qadir, Dr. Anjum Naveed, Ms. Ayesha Saleem | ||
| 856 | _uhttp://10.250.8.41:8080/xmlui/handle/123456789/9988 | ||
| 942 |
_cPR _kMSIT-8 EJA _2ddc |
||
| 999 |
_c10498 _d10498 |
||